Official Country Names - Statistics

General Stats
  • This quiz has been taken 15 times
    9 since last reset
  • The average score is 98 of 196
Answer Stats
Common Name Official Name % Correct
Denmark Kingdom of Denmark
86%
Finland Republic of Finland
86%
Czechia Czech Republic
71%
Germany Federal Republic of Germany
71%
France French Republic
71%
Luxembourg Grand Duchy of Luxembourg
71%
Ireland Ireland
71%
Italy Italian Republic
71%
Belgium Kingdom of Belgium
71%
Norway Kingdom of Norway
71%
Spain Kingdom of Spain
71%
Sweden Kingdom of Sweden
71%
Netherlands Kingdom of the Netherlands
71%
China People's Republic of China
71%
Andorra Principality of Andorra
71%
Liechtenstein Principality of Liechtenstein
71%
Monaco Principality of Monaco
71%
Austria Republic of Austria
71%
Bulgaria Republic of Bulgaria
71%
Croatia Republic of Croatia
71%
Estonia Republic of Estonia
71%
San Marino Republic of San Marino
71%
Switzerland Swiss Confederation
71%
United Kingdom United Kingdom of Great Britain and Northern Ireland
71%
United States United States of America
71%
Argentina Argentine Republic
57%
Canada Canada
57%
Australia Commonwealth of Australia
57%
North Korea Democratic People's Republic of Korea
57%
Democratic Republic of the Congo Democratic Republic of the Congo
57%
Dominican Republic Dominican Republic
57%
Georgia Georgia
57%
Greece Hellenic Republic
57%
Hungary Hungary
57%
Iceland Iceland
57%
Afghanistan Islamic Emirate of Afghanistan
57%
Iran Islamic Republic of Iran
57%
Pakistan Islamic Republic of Pakistan
57%
Japan Japan
57%
Saudi Arabia Kingdom of Saudi Arabia
57%
Thailand Kingdom of Thailand
57%
Tonga Kingdom of Tonga
57%
Kyrgyzstan Kyrgyz Republic
57%
Montenegro Montenegro
57%
New Zealand New Zealand
57%
Portugal Portuguese Republic
57%
Albania Republic of Albania
57%
Armenia Republic of Armenia
57%
Azerbaijan Republic of Azerbaijan
57%
Belarus Republic of Belarus
57%
Chile Republic of Chile
57%
Taiwan Republic of China
57%
Colombia Republic of Colombia
57%
Cyprus Republic of Cyprus
57%
India Republic of India
57%
Indonesia Republic of Indonesia
57%
Iraq Republic of Iraq
57%
Kazakhstan Republic of Kazakhstan
57%
South Korea Republic of Korea
57%
Latvia Republic of Latvia
57%
Lithuania Republic of Lithuania
57%
Malta Republic of Malta
57%
Moldova Republic of Moldova
57%
(North) Macedonia Republic of North Macedonia
57%
Peru Republic of Peru
57%
Poland Republic of Poland
57%
Serbia Republic of Serbia
57%
Singapore Republic of Singapore
57%
Slovenia Republic of Slovenia
57%
Suriname Republic of Suriname
57%
Tajikistan Republic of Tajikistan
57%
Congo Republic of the Congo
57%
Turkey / Türkiye Republic of Türkiye
57%
Uzbekistan Republic of Uzbekistan
57%
Romania Romania
57%
Russia Russian Federation
57%
Slovakia Slovak Republic
57%
Israel State of Israel
57%
Turkmenistan Turkmenistan
57%
Ukraine Ukraine
57%
United Arab Emirates United Arab Emirates
57%
Antigua and Barbuda Antigua and Barbuda
43%
Egypt Arab Republic of Egypt
43%
Barbados Barbados
43%
Belize Belize
43%
Venezuela Bolivarian Republic of Venezuela
43%
Burkina Faso Burkina Faso
43%
Central African Republic Central African Republic
43%
Dominica Commonwealth of Dominica
43%
Bahamas Commonwealth of the Bahamas
43%
Guyana Co-operative Republic of Guyana
43%
Sao Tome and Principe Democratic Republic of Sao Tome and Principe
43%
East Timor Democratic Republic of Timor-Leste
43%
Sri Lanka Democratic Socialist Republic of Sri Lanka
43%
Ethiopia Federal Democratic Republic of Ethiopia
43%
Nigeria Federal Republic of Nigeria
43%
Somalia Federal Republic of Somalia
43%
Micronesia Federated States of Micronesia
43%
Brazil Federative Republic of Brazil
43%
Gabon Gabonese Republic
43%
Grenada Grenada
43%
Jordan Hashemite Kingdom of Jordan
43%
Papua New Guinea Independent State of Papua New Guinea
43%
Samoa Independent State of Samoa
43%
Mauritania Islamic Republic of Mauritania
43%
Jamaica Jamaica
43%
Bahrain Kingdom of Bahrain
43%
Bhutan Kingdom of Bhutan
43%
Cambodia Kingdom of Cambodia
43%
Eswatini Kingdom of Eswatini
43%
Lesotho Kingdom of Lesotho
43%
Morocco Kingdom of Morocco
43%
Laos Lao People's Democratic Republic
43%
Lebanon Lebanese Republic
43%
Malaysia Malaysia
43%
Mongolia Mongolia
43%
Uruguay Oriental Republic of Uruguay
43%
Algeria People's Democratic Republic of Algeria
43%
Bangladesh People's Republic of Bangladesh
43%
Bolivia Plurinational State of Bolivia
43%
Angola Republic of Angola
43%
Benin Republic of Benin
43%
Bosnia and Herzegovina Republic of Bosnia and Herzegovina
43%
Botswana Republic of Botswana
43%
Burundi Republic of Burundi
43%
Cape Verde / Cabo Verde Republic of Cabo Verde
43%
Cameroon Republic of Cameroon
43%
Chad Republic of Chad
43%
Costa Rica Republic of Costa Rica
43%
Côte d'Ivoire / Ivory Coast Republic of Côte d'Ivoire
43%
Cuba Republic of Cuba
43%
Djibouti Republic of Djibouti
43%
Ecuador Republic of Ecuador
43%
El Salvador Republic of El Salvador
43%
Equatorial Guinea Republic of Equatorial Guinea
43%
Fiji Republic of Fiji
43%
Ghana Republic of Ghana
43%
Guatemala Republic of Guatemala
43%
Guinea Republic of Guinea
43%
Guinea-Bissau Republic of Guinea-Bissau
43%
Haiti Republic of Haiti
43%
Honduras Republic of Honduras
43%
Kenya Republic of Kenya
43%
Liberia Republic of Liberia
43%
Madagascar Republic of Madagascar
43%
Malawi Republic of Malawi
43%
Maldives Republic of Maldives
43%
Mali Republic of Mali
43%
Mauritius Republic of Mauritius
43%
Mozambique Republic of Mozambique
43%
Namibia Republic of Namibia
43%
Nauru Republic of Nauru
43%
Nicaragua Republic of Nicaragua
43%
Palau Republic of Palau
43%
Panama Republic of Panama
43%
Paraguay Republic of Paraguay
43%
Rwanda Republic of Rwanda
43%
Senegal Republic of Senegal
43%
Seychelles Republic of Seychelles
43%
Sierra Leone Republic of Sierra Leone
43%
South Africa Republic of South Africa
43%
South Sudan Republic of South Sudan
43%
Gambia Republic of The Gambia
43%
Marshall Islands Republic of the Marshall Islands
43%
Philippines Republic of the Philippines
43%
Sudan Republic of the Sudan
43%
Trinidad and Tobago Republic of Trinidad and Tobago
43%
Tunisia Republic of Tunisia
43%
Uganda Republic of Uganda
43%
Vanuatu Republic of Vanuatu
43%
Yemen Republic of Yemen
43%
Zambia Republic of Zambia
43%
Zimbabwe Republic of Zimbabwe
43%
Saint Lucia Saint Lucia
43%
Saint Vincent and the Grenadines Saint Vincent and the Grenadines
43%
Vietnam Socialist Republic of Vietnam
43%
Solomon Islands Solomon Islands
43%
Eritrea State of Eritrea
43%
Kuwait State of Kuwait
43%
Libya State of Libya
43%
Palestine State of Palestine
43%
Qatar State of Qatar
43%
Oman Sultanate of Oman
43%
Syria Syrian Arab Republic
43%
Togo Togolese Republic
43%
Tuvalu Tuvalu
43%
Comoros Union of the Comoros
43%
Mexico United Mexican States
43%
Tanzania United Republic of Tanzania
43%
Saint Kitts and Nevis Federation of Saint Kitts and Nevis
29%
Brunei (Negara) Brunei Darussalam
29%
Kiribati Republic of Kiribati
29%
Niger Republic of the Niger
29%
Myanmar / Burma Republic of the Union of Myanmar (UN) or Union of Burma (U.S. gov't)
29%
Vatican City Holy See
14%
Nepal Nepal
14%
No matching quizzes found
Score Distribution
Percent of People with Each Score
Percentile by Number Answered
Your Score History
You have not taken this quiz since the last reset